000 00651nam a2200205Ia 4500
003 GCL
005 20240530102011.0
008 140319s9999 xx 000 0 ara d
040 _aGCL /
_cGCL
082 0 4 _a347.04
_bم ش
100 1 _aمعوض عبدالتواب
245 1 0 _aالشفعه والصورية وفقا لقضاء النقض /
_cمعوض عبدالتواب
260 _a[S.N] :
_bمنشاة المعارف الاسلامية ،
_c1990
300 _a383 ص
650 0 4 _aالقانون
650 0 4 _aالقانون المدنى
650 0 4 _aمحاكم النقض والابرام
650 0 4 _aالشفعة
942 _2ddc
_cBK
999 _c29294
_d29294